000 00422nam a22001577a 4500
003 OSt
005 20260504111342.0
008 260504b |||||||| |||| 00| 0 eng d
020 _a0458814601
040 _cIRDP
082 _a306.850 971 FAM
245 _aFAMILY MATTERS:
_bSOCIOLOGY AND CONTEMPORARY CANADIAN FAMILIES
260 _aNEW YORK:
_bMETHUEN,
_c1987.
700 _aANDERSON, K.L. ...[et al].
942 _2ddc
_cBOOKS
999 _c9565
_d9565